000 00367nam a2200145 i 4500
001 bg
100 1 _aCHOMCZYK, Piotr.
245 0 _aDeskowania ślizgowe.
_nCz. 1,
_pPodstawy stosowania i projektowania /
_cPiotr Chomczyk.
260 _c1975.
040 _cBPK
041 _apol
080 _a69.05:694.3
942 _cKS
008 s pl f |000 0 pol
999 _c47180
_d47180
856 _uhttp://koha.tu.koszalin.pl/cgi-bin/koha/opac-detail.pl?biblionumber=47180
_yKatalog online BPK